000 00637nam a2200217 4500
001 143598
003 ES-MaACL
005 20250801094722.0
007 t|
008 070214s1975 ag r ||||1| spa d
100 1 _aSerguine, Jacques
_9105548
245 1 3 _aLa mujer en la palma de la mano /
_cJacques Serguine ; traducción de Hugo Acevedo.
260 _aBuenos Aires :
_bGranica,
_c1975.
300 _a75 p. ;
_c20 cm.
490 1 _aLibertad y cambio
650 0 _aLiteratura francesa-
_yS. XX
_9226744
700 1 _aAcevedo, Hugo.
_918235
830 1 _aLibertad y cambio
_9181448
942 _2udc
999 _c143598
_d143598